• 首页
  • 本馆介绍
  • 公告通知
  • 最新文献
  • 馆藏检索
  • 电子资源
  • 读者导购
  • 参考咨询
  • 我的图书馆
  • 登录
  • 详细信息显示
  • 放入我的书架
  • 预约/预借图书
  • 作者相关作品
  • 分类相关作品
  • 丛书相关作品
  • 出版社相关作品

书目信息

  • 表格格式
  • 工作单格式
  • 卡片格式
题名:
近世代数学
    
 
作者: 熊全淹 编著
分册:  
出版信息: 上海   科学技术出版社  1963
页数: 274页
开本: 19cm
丛书名:
单 册:
中图分类: O153
科图分类:
主题词: 抽象代数
电子资源:
ISBN: 13119.534
000 00627cam0 2200229 450
001 0105493110
005 20071015093948.0
010    @a13119.534@dCNY1.20
091    @a13119.534@dCNY1.20
100    @a19960125d1963 em y0chiy0110 ea
101 0  @achi
102    @aCN@b310000
105    @af z 000yy
106    @ar
200 1  @a近世代数学@9Jin Shi Dai Shu;Shuo Xue @f熊全淹编著@b专著
210    @a上海@c科学技术出版社@d1963
215    @a274页@c图@d19cm
606 0  @a抽象代数
690    @aO153@v3
701  0 @a熊全淹@f(1910~)@9xiong quan yan@4编著
801  0 @aCN@b上海图书馆@c19970403
905    @aBZT@dO153@e4@f1@sO153/4
    
    近世代数学/熊全淹编著.-上海:科学技术出版社,1963
    274页:图;19cm
    
    
    ISBN 13119.534:CNY1.20
    
●
相关链接 在五车中查询图书 在当当中查询图书 在豆瓣中查询图书


正题名:近世代数学     索取号:O153/4         预约/预借

序号 登录号 条形码 馆藏地/架位号 状态 备注
1 2000087335   2000087335   旧书回溯/ [索取号:O153/4] 在馆    
山东省滨州职业学院图书馆 欢迎您!
大连网信软件有限公司© 版权所有